Y ellos forjaron un pueblo : historia de colonia caroya /

Guardado en:
Autor Principal: Bischoff, Efrain U.
Formato: Libro
Publicado: Cordoba : Municipalidad De Colonia Caroya, 1968
Materias:
Etiquetas: Agregar Etiqueta
Sin Etiquetas, Sea el primero en etiquetar este registro!
LEADER 00565nam a22001695a 4500
001 EHU.bham015164
003 AR-BHAM
005 20100406200001.0
008 130507s1968##################000#0#####d
082 9 8 |a 982.5 
100 1 |a Bischoff, Efrain U. 
245 1 0 |a Y ellos forjaron un pueblo :  |b historia de colonia caroya /  |c Efrain U. Bischoff 
260 |a Cordoba :  |b Municipalidad De Colonia Caroya,  |c 1968 
300 |a 245 p. 
500 |a Material Extraviado 
653 |a Historia de argentina-centro 
859 |a AR-BHAM  |b BIB. HUMANIDADES - No Disponible  |h 982.5  |i B541-2  |p 176.73  |t Ej.1